000 00370nam a2200157Ia 4500
999 _c2883
_d2883
003 MAJU-Karachi
005 20221101204507.0
008 190902s9999||||xx |||||||||||||| ||und||
020 _a007006847X
040 _cMAJU
100 _aBovee Thill
245 0 _aAdvertising Excellence
260 _aNewyork
_bMcGraw Hill, Inc.
_c1995
300 _a561
942 _cBK
_2ddc